000 00658nam a2200241Ia 4500
003 OSt
005 20220918212931.0
006 a|||||r|||| 00| 0
007 ta
008 220917b |||||||| |||| 00| 0 eng d
024 _a130,816
037 _cTextual
040 _aARTS
_cARTS
_beng
041 _2eng
_aeng
082 _aX:3M24xM18.58, K9
100 _aRumyantsev A
_9125211
245 0 _aCategories and laws of the political economy of communism
260 _aMoscow
_bProgress
_c1969
300 _a397p.
_ccm.
650 _aECONOMICS
942 _hX:3M24xM18.58, K9
_cTEXL
_2CC
999 _c253939
_d253939